|
|
|
|
| LEADER |
00000nam2a2200000 4500 |
| 001 |
105036 |
| 005 |
20231031114257.0 |
| 035 |
|
|
|a (RuTPU)RU\TPU\book\113289
|
| 035 |
|
|
|a RU\TPU\book\93044
|
| 090 |
|
|
|a 105036
|
| 100 |
|
|
|a 20061110d1982 m y0rusy50 ca
|
| 101 |
1 |
|
|a rus
|c eng
|
| 102 |
|
|
|a RU
|
| 105 |
|
|
|a a z 001ay
|
| 200 |
0 |
|
|a Т. 1
|a Посмертные записки Пиквикского клуба
|e роман
|f авт. предисл. М. В. Урнов ; примечания Е. Ланна
|
| 210 |
|
|
|d 1982
|
| 215 |
|
|
|a 727 с.
|c ил.
|
| 320 |
|
|
|a Примечания: с. 713-722
|
| 461 |
|
1 |
|0 (RuTPU)RU\TPU\book\93044
|t Собрание сочинений
|o в 10 т: пер. с англ.
|f Ч. Диккенс
|g под ред. А. А. Аникста и др.
|v Т. 1: Посмертные записки Пиквикского клуба
|d 1982-
|
| 610 |
1 |
|
|a английская литература
|
| 610 |
1 |
|
|a Англия
|
| 610 |
1 |
|
|a 19 век
|
| 610 |
1 |
|
|a дети
|
| 675 |
|
|
|a 82
|v 3
|
| 702 |
|
1 |
|a Урнов
|b М. В.
|4 080
|
| 702 |
|
1 |
|a Ланн
|b Е.
|g Евгений
|4 080
|
| 801 |
|
1 |
|a RU
|b 63413507
|c 20051129
|g PSBO
|
| 801 |
|
2 |
|a RU
|b 63413507
|c 20221206
|g PSBO
|
| 942 |
|
|
|c BK
|